| 000 | 008330000a22002650004500 | ||
|---|---|---|---|
| 003 | LK-CoMWRAF | ||
| 008 | 230817t ||||| |||| 00| 0 eng d | ||
| 040 |
_aLK-CoMWRAF _dLK-CoMWRAF _eLK-CoMWRAF |
||
| 041 | _aeng | ||
| 082 |
_a261 _bZAR |
||
| 100 | _aZarook, A.R.M. | ||
| 245 |
_aPoligamy Qualified, Concubinage, Clarified _b(of Great use to Lawyers, Law Students, Qadis and Laymen) |
||
| 260 |
_b _a _c |
||
| 300 | _ap.15 | ||
| 490 | _aMuslim Personal Law - II | ||
| 650 | _aConcubinage Clarified | ||
| 650 | _aCourts Approach to Polygamy | ||
| 650 | _aIn Defence of Monogamy | ||
| 650 | _aMut'ah (Usufruct Marriage) | ||
| 650 | _aOffence of Bigamy vs. Muslim Law | ||
| 650 | _aPolygamy to be Treated as DE FATCO | ||
| 650 | _aRight to Polygamy Qualified | ||
| 650 | _aSafeguards Against a Rival Wife | ||
| 942 | _cBK | ||
| 999 |
_c1795 _d1795 |
||